The concise Oxford dictionary of the Christian Church / (Record no. 10141)

MARC details
000 -LEADER
fixed length control field 02106cam a2200421 i 4500
001 - CONTROL NUMBER
control field 878914568
003 - CONTROL NUMBER IDENTIFIER
control field OCoLC
005 - DATE AND TIME OF LATEST TRANSACTION
control field 20241126110726.0
008 - FIXED-LENGTH DATA ELEMENTS--GENERAL INFORMATION
fixed length control field 140516s2013 enk d 000 0 eng
010 ## -
-- 2013388933
020 ## - INTERNATIONAL STANDARD BOOK NUMBER
International Standard Book Number 9780199659623
020 ## - INTERNATIONAL STANDARD BOOK NUMBER
International Standard Book Number 0199659621
035 ## - SYSTEM CONTROL NUMBER
System control number (OCoLC)878914568
040 ## - CATALOGING SOURCE
Original cataloging agency DLC
Language of cataloging eng
Description conventions rda
Transcribing agency DLC
Modifying agency DEBBG
-- CUD
-- OCLCF
-- OCL
-- NZTPM
-- OCLCQ
-- YDX
-- OCLCQ
-- OCLCO
-- RCE
-- VTS
-- UKMGB
-- OCLCA
-- OCLCQ
-- UKUSR
-- ATH
042 ## -
-- pcc
050 00 -
-- BR95
-- .O82 2013
050 00 -
-- BR95
-- .O82 2013
082 00 - DEWEY DECIMAL CLASSIFICATION NUMBER
Classification number 270.03
Edition information 23
Item number CON
245 04 - TITLE STATEMENT
Title The concise Oxford dictionary of the Christian Church /
Statement of responsibility, etc. [edited by] E.A. Livingstone ; assisted by M.W.D. Sparks and R.W. Peacocke.
246 14 -
-- Oxford concise dictionary of the Christian Church
246 30 -
-- Concise dictionary of the Christian Church
250 ## - EDITION STATEMENT
Edition statement Third edition.
264 #1 - PRODUCTION, PUBLICATION, DISTRIBUTION, MANUFACTURE, AND COPYRIGHT NOTICE
Place of production, publication, distribution, manufacture Oxford :
Name of producer, publisher, distributor, manufacturer Oxford University Press,
Date of production, publication, distribution, manufacture, or copyright notice 2013.
300 ## - PHYSICAL DESCRIPTION
Extent viii, 632 pages ;
Dimensions 20 cm
336 ## - CONTENT TYPE
Content type term text
Content type code txt
Source rdacontent
337 ## - MEDIA TYPE
Media type term unmediated
Media type code n
Source rdamedia
338 ## - CARRIER TYPE
Carrier type term volume
Carrier type code nc
Source rdacarrier
490 0# - SERIES STATEMENT
Series statement Oxford Paperback reference
505 0# - FORMATTED CONTENTS NOTE
Formatted contents note Abbreviations -- Christian church [entries] -- Chronological list of popes and antipopes -- Chronological list of Archbishops of Canterbury -- Useful web links.
520 ## - SUMMARY, ETC.
Summary, etc. Over 6,000 entries provide authoritative coverage of theology, patristic scholarship, churches and denominations across the world, canon law, and the church calendar, as well as entries on theologians, philosophers, artists, musicians, and mystics. The third edition has been updated to reflect recent changes in the Church. Over 100 new entries cover topics such as the Antonian Movement, dispensationalism, Heilsgeschichte, Alvin Plantinga, Garima Gospels, and Intelligent Design.
650 #0 - SUBJECT ADDED ENTRY--TOPICAL TERM
Topical term or geographic name entry element Theology
Form subdivision Dictionaries.
9 (RLIN) 1723
650 #0 - SUBJECT ADDED ENTRY--TOPICAL TERM
Topical term or geographic name entry element Christianity
Form subdivision Dictionaries.
9 (RLIN) 17586
655 #7 - INDEX TERM--GENRE/FORM
Genre/form data or focus term Dictionaries.
Source of term fast
Authority record control number or standard number (OCoLC)fst01423826
9 (RLIN) 3629
700 1# - ADDED ENTRY--PERSONAL NAME
Personal name Livingstone, Elizabeth A.,
Relator term editor.
9 (RLIN) 2716
700 1# - ADDED ENTRY--PERSONAL NAME
Personal name Sparks, M. W. D.
9 (RLIN) 17587
700 1# - ADDED ENTRY--PERSONAL NAME
Personal name Peacocke, R. W.
9 (RLIN) 17588
942 ## - ADDED ENTRY ELEMENTS (KOHA)
Source of classification or shelving scheme Dewey Decimal Classification
Koha item type Reference Books
Holdings
Withdrawn status Lost status Source of classification or shelving scheme Damaged status Not for loan Home library Current Library Shelving location Date acquired Total checkouts Full call number Barcode Date last seen Copy number Price effective from Koha item type
    Dewey Decimal Classification     GRACE BIBLE COLLEGE GRACE BIBLE COLLEGE Dictionary 2024-03-12   270.03 CON 016635 2025-05-01 c.1 2024-03-12 Reference Books
© Grace Bible College Library 2025